000 00679nam a2200229Ia 4500
003 OSt
005 20220927105727.0
006 a|||||r|||| 00| 0
007 ta
008 220926b |||||||| |||| 00| 0 eng d
024 _a198420
037 _cReference Collections
040 _aRTL
_cRTL
_beng
041 _2eng
_aeng
082 _a"X621.2, N1"
100 _aTRIVEDI Pushpa
_9374469
245 0 _a"Productivity, efficiency and competitiveness of the Indian manufacturing sector"
260 _a"Mumbai,"
_b"Reserve Bank of India, "
_c1991
300 _a178p
_ccm.
942 _h"X621.2, N1"
_cCC
999 _c694167
_d694167